| Поле | Инд. | ПП | Название | Значение |
|---|---|---|---|---|
| Тип записи | a | |||
| Библиографический уровень | m | |||
| 001 | Контрольный номер | RU\USATU\books\217212 | ||
| 005 | Дата корректировки | 20150513113644.5 | ||
| 020 | a | ISBN | 5-9221-0673-2 | |
| 040 | a | Служба первич. каталог. | USATU | |
| c | Служба, преобразующая запись | НБ ТвГУ | ||
| 041 | a | Код языка текста | rus | |
| 044 | a | Код страны публикации | RU | |
| 080 | a | Индекс УДК | 53(075.8) | |
| 080 | a | Индекс УДК | 537(075.8) | |
| 084 | a | Индекс другой классификации/Индекс ББК | В3я73-1 | |
| a | Индекс другой классификации/Индекс ББК | В33я73-1 | ||
| 090 | a | Полочн. индекс | В3 | |
| x | Авторский знак | С 34 | ||
| 100 | a | Автор | Сивухин Дмитрий Васильевич | |
| q | Полное имя | Сивухин Д. В. | ||
| 245 | a | Заглавие | Общий курс физики | |
| b | Продолж. заглавия | учебное пособие для студентов физических специальностей вузов : [в 5 т.] | ||
| n | Номер части/ раздела | Т. 3 | ||
| p | Название части/ раздела | Электричество | ||
| 250 | a | Основные сведения об издании | Изд. 5-е, стер. | |
| 260 | a | Место издания | Москва | |
| b | Издательство | Физматлит | ||
| c | Дата издания | 2006 | ||
| 300 | a | Объем | 654 с. | |
| b | Иллюстрации/ тип воспроизводства | ил. | ||
| c | Размеры | 22 см | ||
| 504 | a | Библиография | Имен. и предм. указ.: с. 646-654 | |
| 520 | a | Аннотация | Третий том курса физики, широко известного у нас в стране и за рубежом. Книга написана на основе лекций, которые в течение ряда лет читались автором студентам Московского физико-технического института. Основное внимание уделено выяснению физического смысла и содержания основных законов и понятий науки об электричестве, установлению границ применимости этих законов, развитию у студентов навыков физического мышления и умения ставить и решать конкретные задачи. Третье издание третьего тома вышло в 1996 г. в двух частях. Для студентов физических и математических факультетов университетов, физико-технических и инженерно-физических институтов, а также вузов, где физика является основной дисциплиной. | |
| 650 | a | Основная рубрика | Физика | |
| x | Основная подрубрика | Учебники для вузов | ||
| 650 | 14 | a | Основная рубрика | Электричество |
| 653 | a | Ключевые слова | Общая физика | |
| a | Ключевые слова | Физика | ||
| a | Ключевые слова | Электричество | ||
| 910 | a | гриф есть* | ||
| 920 | a | Оператор | Стру | |
| 930 | a | Новая/Ретро | учебники | |
| 952 | c | Вид литературы | К ру | |
| 954 | a | Дата поступления на обработку | 20091120 |